00592 2200217 4500001002100000005001700021008004100038035002400079090001800103100001700121245005800138250001100196260003600207300001900243500003100262650001800293850001500311990001800326999001500344999001500359YOGYA-0209000002234320090227023632.0 ind  0010-020900000022343 a341.46bJok T aJOKO PRAKOSO aTindak pidana penerbangan di IndonesiacDjoko Prakoso aCet. 1 aJakartabGhalia Indonesiac1984 a176 hlmc21 cm aBibliografi : hlm. 175-176 aHukum angkasa aYOPDYOG(B) a87205-P/96b1 a06A0016508 a06A0016509